| 000 | 00605cam a22002178a 4500 | ||
|---|---|---|---|
| 005 | 20240122150027.0 | ||
| 008 | 120502s2014 mau 000 0 eng | ||
| 010 | _a 2012012118 | ||
| 020 | _a9781449679545 | ||
| 020 | _a1449679544 | ||
| 040 |
_aDLC _cDLC |
||
| 082 | 0 | 0 |
_a512.5 _223 _bWIL |
| 100 | 1 |
_aWilliams, Gareth, _d1937- _94601 |
|
| 245 | 1 | 0 |
_aLinear algebra with applications _cGareth Williams. |
| 250 | _a8th ed. | ||
| 260 |
_aBurlington, Mass. : _bJones & Bartlett Learning, _cc2014. |
||
| 263 | _a1111 | ||
| 300 | _axxi, 589p. : | ||
| 650 | 0 |
_aAlgebras, Linear _910720 |
|
| 942 |
_2ddc _cBK |
||
| 999 |
_c11522 _d11522 |
||